[Event "Standard chess tournament 14/2/2013"]
[Site "SchemingMind.com"]
[Date "2013.04.15"]
[Round "-"]
[White "mi_di"]
[Black "Ebanon "]
[Result "1/2-1/2"]
[WhiteCountry "MEX"]
[BlackCountry "ESP"]
[WhiteElo "2364"]
[WhiteRD "88"]
[BlackElo "2311"]
[BlackRD "68"]
[GameID "330115"]

1. e4 c5 2. Nf3 d6 3. d4 cxd4 4. Nxd4 Nf6 5. Nc3 a6 6. Be3 e5 7. Nb3 Be6 8. f3 Be7 9. Qd2 O-O 10. O-O-O Nbd7
11. g4 b5 12. Rg1 Nb6 13. Na5 Rc8 14. g5 Nh5 15. Kb1 g6 16. Nd5 Nxd5 17. exd5 Bxd5 18. Qxd5 Qxa5 19. Bd3 Qc7 20. Be4 Rb8
21. Qd3 Rfc8 22. Rgf1 Bf8 23. Bd5 Nf4=
1/2-1/2

[Event "Standard chess tournament 14/2/2013"]
[Site "SchemingMind.com"]
[Date "2013.04.11"]
[Round "-"]
[White "jrsanpedro"]
[Black "Ebanon "]
[Result "0-1"]
[WhiteCountry "ARG"]
[BlackCountry "ESP"]
[WhiteElo "2185"]
[WhiteRD "62"]
[BlackElo "2311"]
[BlackRD "68"]
[GameID "330116"]

1. d4 Nf6 2. c4 g6 3. Nc3 d5 4. cxd5 Nxd5 5. e4 Nxc3 6. bxc3 Bg7 7. Bc4 O-O 8. Ne2 c5 9. Be3 Nc6 10. O-O Qc7
11. Rc1 Rd8 12. Bf4 Be5 13. Bxe5 Nxe5 14. Bb3 a5 15. a4 b6 16. f4 Ng4 17. Qd2 e6 18. Ng3 Ba6 19. Rfd1 Bb7 20. Bc4 Bc6
21. Bb3 Qe7 22. Qe1 Rac8 23. Rb1 cxd4 24. cxd4 Ba8 25. h3 Nf6 26. Qe3 Rc7 27. Rdc1 Rdc8 28. Rxc7 Rxc7 29. Ba2 Rc2 30. Bb3 Rc8
31. Kh2 h5 32. e5= h4 33. Nf1 Ne4 34. d5 exd5 35. Qxb6 Qe6 36. Qe3 Qf5 37. Kg1 Kg7 38. Bd1 Rc3 39. Bg4 Rxe3 40. Bxf5 Ra3
41. Bd7 d4
0-1

[Event "Standard chess tournament 14/2/2013"]
[Site "SchemingMind.com"]
[Date "2013.04.15"]
[Round "-"]
[White "rookie31"]
[Black "Ebanon "]
[Result "1/2-1/2"]
[WhiteCountry "IND"]
[BlackCountry "ESP"]
[WhiteElo "2128"]
[WhiteRD "63"]
[BlackElo "2311"]
[BlackRD "68"]
[GameID "330117"]

1. d4 Nf6 2. Nf3 g6 3. g3 c5 4. d5 Bg7 5. Bg2 d6 6. c4 O-O 7. Nc3 Na6 8. e4 Bg4 9. O-O Nd7 10. h3 Bxf3
11. Qxf3 Qa5 12. Bd2 Nb6 13. b3 Nb4 14. Rfc1 Qa3 15. Nb5 Qb2 16. Bc3 Bxc3 17. Qxc3 Qxc3 18. Nxc3 Nd7 19. f4 Na6 20. Re1 f6
21. Nb5 Kf7 22. a3 Ke8 23. Kf2 h5 24. h4 Kd8 25. Bh3 Nc7 26. Nxc7 Kxc7 27. Rab1 b6 28. Be6 Rab8 29. Ke3 b5 30. Kd3 a6
31. Rec1 Nb6 32. Ke2 bxc4 33. bxc4 Na4 34. Kd2 Nb2 35. Kc3 Na4+=
1/2-1/2

[Event "Standard chess tournament 14/2/2013"]
[Site "SchemingMind.com"]
[Date "2013.04.11"]
[Round "-"]
[White "Adrian Grajczak"]
[Black "Ebanon "]
[Result "1/2-1/2"]
[WhiteCountry "POL"]
[BlackCountry "ESP"]
[WhiteElo "2247"]
[WhiteRD "70"]
[BlackElo "2319"]
[BlackRD "70"]
[GameID "330119"]

1. d4 Nf6 2. c4 g6 3. Nc3 d5 4. Nf3 Bg7 5. e3 O-O 6. Be2 dxc4 7. Bxc4 c5 8. dxc5 Qxd1+ 9. Nxd1 Ne4 10. O-O Nxc5
11. Bd2 Nc6 12. Rc1 Bg4 13. Bb5 Bxf3 14. Rxc5 Rad8 15. gxf3 Rxd2 16. Bxc6 bxc6 17. Rxc6 a5 18. a4= Rfd8 19. Rc1 f5 20. f4 Bf6
21. Kg2 R8d3 22. Kf3= Bh4 23. Re1 h6 24. Rg1 Kf7 25. Re1 Bf6 26. Rg1 g5 27. h3 gxf4 28. Kxf4 Bxb2 29. Nxb2 Rxf2+ 30. Ke5 Rxb2
31. Rgf1 Rxe3+ 32. Kd4 Re4+ 33. Kc3 Rh2 34. Rxf5+ Kg6 35. Rxa5 Rxh3+ 36. Kd2 h5 37. Ra6+ Kf5 38. Rf1+ Ke5 39. Re1 Rh2+ 40. Kd1 Rxe1+
41. Kxe1 h4 42. a5 h3 43. Rh6 Kf4 44. Rh7 e5 45. a6 e4 46. a7= Ra2 47. Rxh3 Rxa7 48. Rb3 e3 49. Rb8 Rd7= 50. Rf8+ Ke4
51. Ra8 Kd3 52. Ra3+ Ke4 53. Ra8 Rd2=
1/2-1/2

[Event "Standard chess tournament 14/2/2013"]
[Site "SchemingMind.com"]
[Date "2013.04.11"]
[Round "-"]
[White "GBEDARD"]
[Black "Glenn O'Brien"]
[Result "1-0"]
[WhiteCountry "USA"]
[BlackCountry "AUS"]
[WhiteElo "2286"]
[WhiteRD "65"]
[BlackElo "2022"]
[BlackRD "80"]
[GameID "330138"]

1. e4 e5 2. Nf3 Nc6 3. Bb5 a6 4. Ba4 Nf6 5. O-O Be7 6. Re1 b5 7. Bb3 O-O 8. c3 d6 9. h3 Na5 10. Bc2 c5
11. d4 Qc7 12. Nbd2 cxd4 13. cxd4 Nc6 14. a3 Bd7 15. Nb3 a5 16. Be3 a4 17. Nbd2 Rfe8 18. Bd3 Qb7 19. b4 axb3 20. Qxb3 exd4
21. Nxd4 Nxd4 22. Bxd4 Bc6 23. Rab1 Bd8 24. Qb2 Ba5 25. Bxf6 gxf6 26. Re3 Re6 27. Rg3+ Kf8 28. Rg4 h5 29. Rh4 Bxd2 30. Qxd2 Rxa3
31. Rxh5 Ke7 32. Bc4 Rxe4 33. Bxf7 Qb6 34. Rh7 Qc5 35. Bd5+ Kd8 36. Bxe4 Be8 37. Rc1
1-0

[Event "Standard chess tournament 14/2/2013"]
[Site "SchemingMind.com"]
[Date "2013.04.16"]
[Round "-"]
[White "GBEDARD"]
[Black "mi_di"]
[Result "0-1"]
[WhiteCountry "USA"]
[BlackCountry "MEX"]
[WhiteElo "2307"]
[WhiteRD "63"]
[BlackElo "2364"]
[BlackRD "85"]
[GameID "330139"]

1. e4 c5 2. Nf3 d6 3. d4 cxd4 4. Nxd4 Nf6 5. Nc3 g6 6. Be3 Bg7 7. f3 O-O 8. Qd2 Nc6 9. O-O-O d5 10. exd5 Nxd5
11. Nxc6 bxc6 12. Bd4 e5 13. Bc5 Be6 14. Ne4 Re8 15. Bc4 Qc7 16. h4 Rad8 17. Qf2 Nf4 18. Nd6 Bxc4 19. Nxc4 e4 20. fxe4 Rxe4
21. Bd6 Rxd6 22. Nxd6 Ne2+ 23. Kb1 Nc3+ 24. bxc3 Qb8+ 25. Kc1 Bh6+ 26. Rd2 Qxd6 27. Kd1 Qb8 28. Kc1 Qe5 29. Kb1 Qb5+ 30. Kc1= Re2
0-1

[Event "Standard chess tournament 14/2/2013"]
[Site "SchemingMind.com"]
[Date "2013.04.11"]
[Round "-"]
[White "GBEDARD"]
[Black "jrsanpedro"]
[Result "1-0"]
[WhiteCountry "USA"]
[BlackCountry "ARG"]
[WhiteElo "2286"]
[WhiteRD "65"]
[BlackElo "2190"]
[BlackRD "64"]
[GameID "330140"]

1. e4 c5 2. Nf3 d6 3. d4 cxd4 4. Nxd4 Nf6 5. Nc3 e6 6. g4 h6 7. h4 Be7 8. Qf3 Nc6 9. Bb5 Bd7 10. Bxc6 bxc6
11. g5 hxg5 12. hxg5 Rxh1+ 13. Qxh1 Ng4 14. Qg2 Ne5 15. f4 Nc4 16. b3 Qa5 17. Ne2 Na3 18. Bxa3 Qxa3 19. Rd1 e5 20. f5 Rd8
21. f6 Bf8 22. g6 Be6 23. Rd3 Rd7 24. Rf3 d5 25. exd5 Bxd5 26. Nxd5 cxd5 27. Qh3 gxf6 28. Qh7 Qb4+ 29. Kd1 Qe4 30. Rxf6 Rc7
31. Ke1 Qxc2 32. gxf7+ Kd8 33. Qg8 Qc5 34. Re6 Rc8 35. Rxe5 Kc7 36. Qg5 Kb7 37. Rxd5 Qb4+ 38. Kf2
1-0

[Event "Standard chess tournament 14/2/2013"]
[Site "SchemingMind.com"]
[Date "2013.04.15"]
[Round "-"]
[White "GBEDARD"]
[Black "rookie31"]
[Result "1-0"]
[WhiteCountry "USA"]
[BlackCountry "IND"]
[WhiteElo "2286"]
[WhiteRD "65"]
[BlackElo "2170"]
[BlackRD "64"]
[GameID "330141"]

1. e4 e5 2. Nf3 Nc6 3. Bb5 a6 4. Ba4 Nf6 5. O-O Be7 6. Re1 b5 7. Bb3 O-O 8. c3 d6 9. h3 h6 10. d4 Bb7
11. Nbd2 exd4 12. cxd4 Nb4 13. Qe2 c5 14. a3 Nc6 15. e5 dxe5 16. dxe5 Ne8 17. Nf1 c4 18. Bc2 Nd4 19. Nxd4 Qxd4 20. Ng3 Qd5
21. Be4 Qd7 22. Bxh6
1-0

[Event "Standard chess tournament 14/2/2013"]
[Site "SchemingMind.com"]
[Date "2013.04.12"]
[Round "-"]
[White "GBEDARD"]
[Black "Adrian Grajczak"]
[Result "1/2-1/2"]
[WhiteCountry "USA"]
[BlackCountry "POL"]
[WhiteElo "2307"]
[WhiteRD "63"]
[BlackElo "2191"]
[BlackRD "70"]
[GameID "330143"]

1. e4 c5 2. Nf3 d6 3. d4 cxd4 4. Nxd4 Nf6 5. Nc3 a6 6. Be3 e5 7. Nb3 Be6 8. f3 Be7 9. Qd2 h5 10. Be2 Nbd7
11. Nd5 Bxd5 12. exd5 a5 13. Bb5 a4 14. Nc1 O-O 15. O-O Qa5 16. c4 Qxd2 17. Bxd2 Nc5 18. Be3 Nfd7 19. Ne2 f5 20. g3 g5
21. Nc3 f4 22. Bd2 Kf7 23. Rae1 Nf6 24. Re2 h4 25. gxf4 gxf4 26. Kh1 h3 27. Be1 Rg8 28. Bf2 Nd3 29. Nxa4 Rg2 30. Nc3 e4
31. Nxe4 Nxe4 32. fxe4 Rxa2 33. c5 f3 34. Rc2 Ne5 35. c6 bxc6 36. dxc6 Ng4 37. Bc4+ Kg6 38. Bg3 Rxc2 39. Bxa2 Rxc6 40. Be6 Kh5
41. Be1 f2 42. Bxg4+ Kxg4 43. Bxf2 Rc2 44. b4 Rb2=
1/2-1/2

[Event "Standard chess tournament 14/2/2013"]
[Site "SchemingMind.com"]
[Date "2013.04.11"]
[Round "-"]
[White "GBEDARD"]
[Black "Ebanon "]
[Result "0-1"]
[WhiteCountry "USA"]
[BlackCountry "ESP"]
[WhiteElo "2276"]
[WhiteRD "63"]
[BlackElo "2311"]
[BlackRD "68"]
[GameID "330144"]

1. e4 c5 2. Nf3 d6 3. d4 cxd4 4. Nxd4 Nf6 5. Nc3 a6 6. Be3 e5 7. Nb3 Be6 8. Qd2 Be7 9. f3 O-O 10. O-O-O Nbd7
11. g4 b5 12. g5 b4 13. Ne2 Ne8 14. h4 a5 15. Kb1 a4 16. Nbc1 Nb6 17. Ng3 d5 18. Bxb6 Qxb6 19. exd5 Rd8 20. Qe2 Rxd5
21. Rxd5 Bxd5 22. Qxe5 Qe6 23. Qxe6 fxe6 24. Bb5 Rxf3 25. Nge2 Nd6 26. Bxa4 Nf5 27. Bd7 Re3 28. Rh2 Rf3 29. Ba4 Be4 30. Bb3 Kf7
31. Bc4 g6 32. Nf4 Rxf4
0-1

[Event "Standard chess tournament 14/2/2013"]
[Site "SchemingMind.com"]
[Date "2013.04.11"]
[Round "-"]
[White "Glenn O'Brien"]
[Black "GBEDARD"]
[Result "0-1"]
[WhiteCountry "AUS"]
[BlackCountry "USA"]
[WhiteElo "2022"]
[WhiteRD "80"]
[BlackElo "2286"]
[BlackRD "65"]
[GameID "330145"]

1. e4 e5 2. Nf3 Nc6 3. Bb5 a6 4. Ba4 Nf6 5. O-O Be7 6. Re1 O-O 7. c3 b5 8. Bb3 d5 9. exd5 Nxd5 10. Nxe5 Nxe5
11. Rxe5 c6 12. d4 Be6 13. Nd2 Bd6 14. Re1 Qc7 15. g3 Be7 16. Ne4 Qd7 17. Bxd5 Qxd5 18. Ng5 Bxg5 19. Re5 Qd7 20. Rxg5 Bd5
21. Qg4 f5 22. Qh3 Qe6 23. Bf4 h6 24. Rh5 Qe7 25. Be5 Qe6 26. f4 Rad8 27. Rh4 c5 28. dxc5 Ba8 29. Rf1 Qc6 30. Bd4 Rfe8
31. Kf2 Rxd4 32. cxd4 Qe4 33. Ra1 Qe3+ 34. Kf1 Qf3+ 35. Kg1 Re2 36. c6 Bxc6 37. d5 Bxd5 38. Qxf5 Qg2#
0-1

[Event "Standard chess tournament 14/2/2013"]
[Site "SchemingMind.com"]
[Date "2013.04.16"]
[Round "-"]
[White "mi_di"]
[Black "GBEDARD"]
[Result "1-0"]
[WhiteCountry "MEX"]
[BlackCountry "USA"]
[WhiteElo "2401"]
[WhiteRD "92"]
[BlackElo "2163"]
[BlackRD "70"]
[GameID "330146"]

1. e4 e5 2. Nf3 Nc6 3. Bb5 Nf6 4. O-O Nxe4 5. d4 Nd6 6. Ba4 e4 7. Re1 Be7 8. Ne5 b5 9. Bb3 Na5 10. Nc3 Nxb3
11. axb3 Bb7 12. d5 O-O 13. Nxe4 Nxe4 14. Rxe4 Bf6 15. Qd3 Re8 16. Ng4 Rxe4 17. Qxe4 h5 18. Nxf6+ Qxf6 19. Be3 a6 20. Bd4 Qg6
21. Qxg6 fxg6 22. c4 Re8 23. f3 Re2 24. h4 Kf7 25. Bc3 c5 26. dxc6 dxc6 27. Kf1 Re8 28. Rd1 Bc8 29. Kf2 Bf5 30. Ra1 Bc8
31. Bd2 Rd8 32. Bc3 Re8 33. Bd4 Re7 34. g3 Re8 35. Bc5 Re5= 36. Bb4 g5 37. Bc3 Rf5 38. hxg5 Rxg5 39. Rd1 Ke7 40. f4 Rg4
41. Bb4+ Kf7 42. Rd8 Be6 43. Rf8+ Kg6 44. Be7 bxc4 45. b4 Bd5 46. Bg5 Bh1 47. Ra8 Kf7 48. Rxa6 Kg8 49. Ra5 Kf7 50. Ra1 Be4
51. Re1 Bd5 52. Re7+ Kg6 53. Rd7 Be4 54. Rd4 Kf5 55. Rxc4 Bh1 56. Rc5+ Ke6 57. Re5+ Kf7 58. Re7+ Kg8 59. Rb7 Kf8 60. b5 cxb5
61. Rxb5 h4 62. Bxh4 Rg6 63. b4 Rd6 64. Rf5+ Ke8 65. Re5+ Kf7 66. Re7+ Kg8 67. b5 Bd5 68. Re5 Bc4 69. Rc5 Be6 70. Rc6 Rxc6
71. bxc6 Bf5 72. c7 Kf7 73. Ke3 Bc8 74. Kd4 Be6 75. Kc5 Bc8 76. Kb6 Ke6 77. Ka7 Kd7 78. Kb8 g6 79. g4 Ba6 80. f5 gxf5
81. gxf5
1-0

[Event "Standard chess tournament 14/2/2013"]
[Site "SchemingMind.com"]
[Date "2013.04.11"]
[Round "-"]
[White "jrsanpedro"]
[Black "GBEDARD"]
[Result "1/2-1/2"]
[WhiteCountry "ARG"]
[BlackCountry "USA"]
[WhiteElo "2190"]
[WhiteRD "64"]
[BlackElo "2286"]
[BlackRD "65"]
[GameID "330147"]

1. e4 e5 2. Nf3 Nc6 3. Bb5 a6 4. Ba4 Nf6 5. O-O Be7 6. Re1 b5 7. Bb3 d6 8. c3 O-O 9. h3 Na5 10. Bc2 c5
11. d4 Qc7 12. Nbd2 cxd4 13. cxd4 Nc6 14. Nb3 a5 15. Be3 a4 16. Nbd2 Bd7 17. Rc1 Qb7 18. Qe2 Rfe8 19. Bd3 Rab8 20. d5 Nb4
21. Bb1 Na6 22. a3 Rec8 23. Bd3 Nc7 24. Rc3 Nfe8 25. g4 Nf6 26. Rec1 Bd8 27. b4 axb3 28. Rxb3 Ra8 29. Rbc3 Ra4 30. Rb1 Qa8
31. Rbb3 Qa5 32. Bc2 Ra8 33. Bd3 h6 34. Bc2=
1/2-1/2

[Event "Standard chess tournament 14/2/2013"]
[Site "SchemingMind.com"]
[Date "2013.04.15"]
[Round "-"]
[White "rookie31"]
[Black "GBEDARD"]
[Result "0-1"]
[WhiteCountry "IND"]
[BlackCountry "USA"]
[WhiteElo "2128"]
[WhiteRD "63"]
[BlackElo "2276"]
[BlackRD "63"]
[GameID "330148"]

1. e4 e5 2. Nf3 Nc6 3. Bb5 a6 4. Ba4 Nf6 5. O-O Be7 6. c3 b5 7. Bb3 d6 8. d4 O-O 9. a4 Bg4 10. d5 Na5
11. Bc2 c5 12. dxc6 Qc8 13. h3 Be6 14. Ng5 Qxc6 15. Nxe6 fxe6 16. Re1 Qb6 17. axb5 axb5 18. Nd2 Nb7 19. Rxa8 Rxa8 20. Qe2 Nc5
21. b4 Na6 22. Nf3 Nc7 23. Bd3 Qb7 24. Bg5 Ra4 25. Rc1 Ra3 26. Qc2 Bd8 27. Kh2 Qb6 28. Be3 Qb7 29. Bg5 Ra8 30. Bxf6 Bxf6
31. c4 bxc4 32. Qxc4 Bd8 33. Qc6 Qxc6 34. Rxc6 Ne8 35. Kg3 Kf7 36. b5 Rb8 37. Kh2 Ke7 38. Kg1 Kd7 39. Rc2 Rb6 40. Kh2 Bf6
41. Kg1 d5
0-1

[Event "Standard chess tournament 14/2/2013"]
[Site "SchemingMind.com"]
[Date "2013.04.12"]
[Round "-"]
[White "Adrian Grajczak"]
[Black "GBEDARD"]
[Result "1-0"]
[WhiteCountry "POL"]
[BlackCountry "USA"]
[WhiteElo "2253"]
[WhiteRD "67"]
[BlackElo "2202"]
[BlackRD "63"]
[GameID "330150"]

1. d4 Nf6 2. c4 c5 3. d5 d6 4. Nc3 g6 5. g3 Bg7 6. Bg2 O-O 7. Nf3 e6 8. O-O exd5 9. cxd5 Re8 10. Re1 a6
11. a4 Ne4 12. Nxe4 Rxe4 13. Qc2 Rb4 14. e4 Nd7 15. Ra2 b5 16. axb5 Rxb5 17. Bf4 Qe7 18. Bf1 Rb6 19. b3 Ne5 20. Nxe5 Bxe5
21. Bxe5 Qxe5 22. Bc4 f5 23. f3 f4 24. gxf4 Qxf4 25. Qc3 Bh3 26. e5 dxe5 27. Qxe5 Qxe5 28. Rxe5 Kf7 29. Ra5 Kf6 30. f4 Bd7
31. Rxc5 a5 32. Rc7 Rd6 33. Kf2 a4 34. bxa4 Rxa4 35. Ke3 Ra5 36. Kd4 h6 37. Re2 Kf5 38. Re7 Ba4 39. Rf7+ Kg4 40. Rc5 Rxc5
41. Kxc5 Rd8 42. d6 Kh3 43. Ra7 Be8 44. Bf7 Kxh2 45. Bxe8 Rxe8 46. Rg7 Rc8+ 47. Kb6 h5 48. d7 Rh8 49. Rxg6 Ra8 50. Kb7 Rf8
51. Kc7 Rf7 52. Kc8 Rf8+ 53. d8=Q
1-0

[Event "Standard chess tournament 14/2/2013"]
[Site "SchemingMind.com"]
[Date "2013.04.11"]
[Round "-"]
[White "Ebanon "]
[Black "GBEDARD"]
[Result "1-0"]
[WhiteCountry "ESP"]
[BlackCountry "USA"]
[WhiteElo "2311"]
[WhiteRD "68"]
[BlackElo "2276"]
[BlackRD "63"]
[GameID "330151"]

1. e4 d6 2. d4 Nf6 3. Nc3 g6 4. f4 Bg7 5. Nf3 O-O 6. Bd3 Nc6 7. e5 dxe5 8. fxe5 Nd5 9. Nxd5 Qxd5 10. c3 Bg4
11. Qe2 Bxf3 12. Qxf3 Qxf3 13. gxf3 Rfd8 14. Ke2 Rac8 15. h4 e6 16. Bg5 Rd7 17. h5 Ne7 18. Rad1 c5 19. dxc5 Bxe5 20. f4 Bg7
21. hxg6 hxg6 22. Bxg6 Rxd1 23. Bh7+ Kf8 24. Rxd1 f6 25. Bh4 Rxc5 26. Bc2 Nd5 27. f5 exf5 28. Bf2 Ra5 29. Kf3 Bh6 30. a4 Nb6
31. b4 Rd5 32. Bxb6 Rxd1 33. Bc5+ Kf7 34. Bxd1 b6 35. Bd4 Ke6 36. a5 Kd5 37. axb6 axb6 38. Bxb6 Kc6 39. Bd4 Bc1 40. Bc2 Ba3
41. Bxf5 Kd5 42. Bxf6
1-0